Разработка технологии слоистых наноструктурных планарных рентгеновских волноводов для генерации острофокусных пучков рентгеновского излучения быстрыми электронами; Становление и развитие научных исследований в высшей школе; Т. 1

Dettagli Bibliografici
Parent link:Становление и развитие научных исследований в высшей школе: сборник трудов Международной научной конференции, посвященной 100-летию со дня рождения профессора А. А. Воробьева, Томск, 14-16 сентября 2009 г./ Российская академия наук (РАН) ; Ассоциация инженерного образования России (АИОР) ; Томский политехнический университет (ТПУ).— , 2009.— 978-598298-543-9
Т. 1.— 2009.— С. 127-133
Altri autori: Каплин В. В. Валерий Викторович, Углов С. Р. Сергей Романович, Сохорева В. В. Валентина Викторовна, Сахаров Ю. В., Троян П. Е.
Lingua:russo
Pubblicazione: 2009
Soggetti:
Natura: Capitolo di libro
KOHA link:https://koha.lib.tpu.ru/cgi-bin/koha/opac-detail.pl?biblionumber=194259

MARC

LEADER 00000naa2a2200000 4500
001 194259
005 20240208162707.0
035 |a (RuTPU)RU\TPU\book\211876 
090 |a 194259 
100 |a 20110411d2009 k y0rusy50 ca 
101 0 |a rus 
102 |a RU 
200 1 |a Разработка технологии слоистых наноструктурных планарных рентгеновских волноводов для генерации острофокусных пучков рентгеновского излучения быстрыми электронами  |f В. В. Каплин [и др.] 
320 |a Библиогр.: 2 назв. 
461 1 |0 (RuTPU)RU\TPU\book\209137  |y 978-598298-543-9  |t Становление и развитие научных исследований в высшей школе  |o сборник трудов Международной научной конференции, посвященной 100-летию со дня рождения профессора А. А. Воробьева, Томск, 14-16 сентября 2009 г.  |f Российская академия наук (РАН) ; Ассоциация инженерного образования России (АИОР) ; Томский политехнический университет (ТПУ)  |d 2009 
463 0 |0 (RuTPU)RU\TPU\book\208670  |y 978-5-98298-545-3  |t Т. 1  |v С. 127-133  |d 2009  |p 398 с. 
610 1 |a волноводы 
610 1 |a наноструктурные волноводы 
610 1 |a рентгеновские волноводы 
610 1 |a рентгеновское излучение 
610 1 |a быстрые электроны 
610 1 |a спектры 
610 1 |a схемы 
610 1 |a труды учёных ТПУ 
701 1 |a Каплин  |b В. В.  |c физик  |c ведущий научный сотрудник Томского политехнического университета  |f 1947-  |g Валерий Викторович  |3 (RuTPU)RU\TPU\pers\28141  |9 13099 
701 1 |a Углов  |b С. Р.  |c физик  |c ведущий научный сотрудник Томского политехнического университета, кандидат физико-математических наук  |f 1958-  |g Сергей Романович  |3 (RuTPU)RU\TPU\pers\28130  |9 13088 
701 1 |a Сохорева  |b В. В.  |c физик  |c старший научный сотрудник Томского политехнического университета  |f 1944-  |g Валентина Викторовна  |3 (RuTPU)RU\TPU\pers\28149  |9 13107 
701 1 |a Сахаров  |b Ю. В. 
701 1 |a Троян  |b П. Е. 
801 1 |a RU  |b 63413507  |c 20110411 
801 2 |a RU  |b 63413507  |c 20150602  |g RCR 
942 |c BK